00385nam a2200121Ia 4500008004100000100002700041245001700068245002800085260000900113856004900122999001900171952007300190160531s9999 xx 000 0 und d aShah, Mohammad Manjur. aParasitology cby Mohammad Manjur Shah c2012 uhttp://www.intechopen.com/books/parasitology c295447d295447 001040aCLbCLd2016-05-31l0r2016-05-31 00:00:00w2016-05-31yCBE